Представление документа в формате RUSMARC

ПолеНазваниеЗначение
  Тип записи a
  Библиографический уровень m
001 Контрольный номер RU/CBS_UL/BASE/6142b56b7fc6457daab133d4bc071e83
005 Дата корректировки 20260417152620.8
010 Индекс ISBN __
a ISBN 978-5-378-34107-8
b Уточнения в пер.
d Цена 295 р. 90 к.
9 Тираж 30 000 экз.
100 Данные общей обработки __
a Данные общей обработки 20220729d2022 ||| 0rusy0189 ca
101 Язык документа 0_
a Язык текста rus
102 Страна публикации __
a Страна публикации RU
105 Кодированные данные (монография) __
a Кодированные данные (монография) y###||||000|y
181 Поле кодированных данных: вид содержания _1
a Код вида содержания (ISBD) i#
b Код характеристики содержания (ISBD) #xxe##
d i
g x
h x
i e
182 Поле кодированных данных: тип средства _1
a Код типа средства (ISBD) n
2 Код системы (источник кода, отличный от ISBD) isbdmedia
200 Заглавие и сведения об ответственности 1_
a Заглавие Зачем светлячку фонарик?
e Сведения, относящиеся к заглавию вопросы про животных в картинках
f Первые сведения об ответственности В. Аверкиев
g Последующие сведения об ответственности худож. М. Дормидонтова
210 Выходные данные 1_
a Место издания Ростов-на-Дону
c Издательство Проф-Пресс
d Дата издания 2022
215 Физическое описание __
a Объем [32] с.
c Иллюстрации/тип воспроизводства ил.
d Формат 28,5 см.
300 Общие примечания __
a Общие примечания На обл. и тит. л. авт. не указан
300 Общие примечания __
a Общие примечания Для чтения взрослыми детям
300 Общие примечания __
a Общие примечания 0+
606 Тематические рубрики 0_
a Основная рубрика Детская литература - Животные
610 Ключевые слова 0_
a Ключевые слова животные
a Ключевые слова литература познавательная
a Ключевые слова обитатели морские
a Ключевые слова птицы
a Ключевые слова змеи
a Ключевые слова жуки
a Ключевые слова пчелы
a Ключевые слова насекомые
686 Индексы других классификаций __
a Классификационный индекс 28.69
2 Код системы rubbk
700 Автор _1
a Фамилия Аверкиев
b Имя (инициалы) В.
g Полное личное имя Василий
801 Источник записи _0
a Страна RU
b Организация МБУК ЦБС
c Дата составления 20220729
g Правила каталогизации RCR
801 Источник записи _1
a Страна RU
b Организация МБУК ЦБС г. Ульяновска
c Дата составления 20220729
g Правила каталогизации RCR
899 Данные о местонахождении __
i Авторский знак А 19
j Расстановочный фильтр 28.69
900 Электронные ресурсы __
a Имя электронного ресурса зачем светлячку
901 Тип документа __
t Тип документа m